| 000 | 00353nam a22001577a 4500 | ||
|---|---|---|---|
| 003 | OSt | ||
| 008 | 240427b |||||||| |||| 00| 0 eng d | ||
| 020 | _a9789356742635 | ||
| 082 | _a363.34 SUD | ||
| 100 | _aSUBRAMANIAN,R | ||
| 245 | _aDisaster Management | ||
| 250 | _a2nd ED | ||
| 260 |
_aNew Delhi _bVikas _c2024 |
||
| 300 | _a353 | ||
| 942 |
_2ddc _cBK |
||
| 999 |
_c12563 _d12563 |
||